LEADER 00870nam0-22003371i-450- 001 990001618900403321 005 20070418114322.0 035 $a000161890 035 $aFED01000161890 035 $a(Aleph)000161890FED01 035 $a000161890 100 $a20030910d1884----km-y0itay50------ba 101 0 $afre 102 $aFR 200 1 $a<>sophistication des vins$fE.J. Armand Gautier 205 $a3e éd. 210 $aParis$cBailliere$d1884 215 $a268 p.$d18 cm 610 0 $aVini 610 0 $aEnologia 610 0 $aAlimenti$aControllo 676 $a663.2 676 $a664.07 700 1$aGautier,$bÉmile Justin Armand$0427396 801 0$aIT$bUNINA$gRICA$2UNIMARC 901 $aBK 912 $a990001618900403321 952 $a60 543.1 C 5$b781$fFAGBC 959 $aFAGBC 996 $aSophistication des vins$9369527 997 $aUNINA LEADER 01666nas 2200565- 450 001 9910139548003321 005 20230222213018.0 011 $a2194-4172 035 $a(DE-599)ZDB2075636-7 035 $a(OCoLC)60616435 035 $a(CKB)958480172532 035 $a(CONSER)--2015217005 035 $a(EXLCZ)99958480172532 100 $a20050614a19859999 s-- - 101 0 $ager 135 $aurun||||||||| 181 $ctxt$2rdacontent 182 $cc$2rdamedia 183 $acr$2rdacarrier 200 10$aComputer und Recht 210 1$aKöln :$cO. Schmidt 210 3$aBerlin, Germany :$cWalter de Gruyter GmbH. 215 $aonline resource 311 $a0179-1990 531 $aCOMPUTER UND RECHT FORUM FUER DIE PRAXIS DES RECHTS DER DATENVERARBEITUNG KOM 606 $aComputers$xLaw and legislation$zGermany (West)$vPeriodicals 606 $aComputers$xLaw and legislation$2fast$3(OCoLC)fst00872821 606 $aInformatierecht$2gtt 606 $aInformaticarecht$2gtt 606 $aMediarecht$2gtt 606 $aEDI$2gtt 606 $aE-commerce$2gtt 606 $aInternet$2gtt 607 $aGermany (West)$2fast 608 $aPeriodicals.$2fast 608 $aPeriodicals.$2lcgft 615 0$aComputers$xLaw and legislation 615 7$aComputers$xLaw and legislation. 615 17$aInformatierecht. 615 17$aInformaticarecht. 615 17$aMediarecht. 615 17$aEDI. 615 17$aE-commerce. 615 17$aInternet. 676 $a343.43/07800164 676 $a344.3037800164 906 $aJOURNAL 912 $a9910139548003321 996 $aComputer und Recht$91216572 997 $aUNINA LEADER 01123nam a2200289 i 4500 001 991003495929707536 005 20020509123207.0 008 011105s1956 us ||| | eng 035 $ab11170888-39ule_inst 035 $aPARLA183086$9ExL 040 $aDip.to Scienze Storiche Fil. e Geogr.$bita 082 0 $a816.52 100 1 $aSacco, Nicola$0540320 245 14$aThe letters of Sacco and Vanzetti /$cNicola Sacco ; Vanzetti Bartolomeo ; edited by Marion Denman Frankfurter and Gardner Jackson 260 $aSecaucus :$bCitadel,$c1956 300 $aXI, 414 p. :$bill. ;$c19 cm. 650 4$aSacco, Nicola$xLettere e carteggi 650 4$aVanzetti, Bartolomeo$xLettere e carteggi 700 1 $aVanzetti, Bartolomeo 700 1 $aFrankfurter Denman, Marion 700 1 $aJackson, Gardner 907 $a.b11170888$b21-09-06$c28-06-02 912 $a991003495929707536 945 $aLE009 STOR.895-175$g1$i2009000074255$lle009$o-$pE0.00$q-$rl$s- $t0$u0$v0$w0$x0$y.i11316275$z28-06-02 996 $aLetters of Sacco and Vanzetti$9872179 997 $aUNISALENTO 998 $ale009$b01-01-01$cm$da $e-$feng$gus $h4$i1